000 00503nam a22001697a 4500
999 _c8600
_d8600
008 201208b ||||| |||| 00| 0 eng d
040 _aBMS College of Architecture
100 _aSuhas, Arvind
245 _aSchool of Music
300 _a41p.
500 _a1BM12AT010
502 _8B,Arch
_NBMS College of Architecture, Visvesvaraya Technological University (VTU)
_aProject report
_d2016
650 _aSchool
700 _aChannabasavaradhya
_eGuide
700 _aPrathima N
_eGuide
942 _2ddc
_cTHE